UM Logo

Teaching strategies in health education: (Record no. 1899)

MARC details
000 -LEADER
fixed length control field 00586nam a22001697a 4500
008 - FIXED-LENGTH DATA ELEMENTS--GENERAL INFORMATION
fixed length control field 160420b xxu||||| |||| 00| 0 eng d
020 ## - INTERNATIONAL STANDARD BOOK NUMBER
International Standard Book Number 978-971-513-261-9
082 ## - DEWEY DECIMAL CLASSIFICATION NUMBER
Edition number 2009
Classification number DFil 371.3
Item number C26t
100 ## - MAIN ENTRY--PERSONAL NAME
9 (RLIN) 6070
Personal name Castro, Cecilia Estrada.
245 ## - TITLE STATEMENT
Title Teaching strategies in health education:
Remainder of title with principles of teaching and learning/
Statement of responsibility, etc. Cecilia Estrada-Castro.
250 ## - EDITION STATEMENT
Edition statement First edition
260 ## - PUBLICATION, DISTRIBUTION, ETC. (IMPRINT)
Place of publication, distribution, etc. Manila:
Name of publisher, distributor, etc. Educational Publishing House,
Date of publication, distribution, etc. c2009.
300 ## - PHYSICAL DESCRIPTION
Extent xvi, 245 pages;
Dimensions 23 cm.
500 ## - GENERAL NOTE
General note Includes index.
650 #0 - SUBJECT ADDED ENTRY--TOPICAL TERM
9 (RLIN) 6077
Topical term or geographic name as entry element Teaching methodology.
942 ## - ADDED ENTRY ELEMENTS (KOHA)
Source of classification or shelving scheme Dewey Decimal Classification
Koha item type Filipiniana
Holdings
Withdrawn status Lost status Source of classification or shelving scheme Damaged status Not for loan Collection code Home library Current library Date acquired Source of acquisition Total Checkouts Full call number Barcode Date last seen Date last checked out Cost, replacement price Price effective from Koha item type
    Dewey Decimal Classification     Filipiniana UM Digos College - LIC UM Digos College - LIC 09/24/2010 Purchased 1 DFil 371.3 C26t 2009 21249 05/15/2025 01/18/2018 468.00 04/20/2016 Filipiniana